Nota hati seorang lelaki

Bibliographic Details
Main Author: Pahrul Mohd. Juoi
Format: Book
Published: Kuala Lumpur : Telaga Biru Sdn. Bhd. , 2009
Subjects:

MARC

LEADER 00000cam a2200000 7i4500
001 0000031613
005 20120313.0
008 120313
020 |a 9675102486 
090 0 0 |a 305.3   |b PAH 
100 1 |a Pahrul Mohd. Juoi 
245 1 0 |a Nota hati seorang lelaki   |c Pahrul Mohd. Juoi 
260 |a Kuala Lumpur :   |b Telaga Biru Sdn. Bhd. ,   |c 2009 
650 0 |a Man   |x conduct of life   |x anecdotes 
999 |a 0001142464   |b Book   |c Adult Collection   |e Perbadanan Perpustakaan Awam Johor 
999 |a 0001142465   |b Book   |c Adult Collection   |e Perbadanan Perpustakaan Awam Johor 
999 |a 0001142466   |b Book   |c Adult Collection   |e Perbadanan Perpustakaan Awam Johor 
999 |a 0001155242   |b Book   |c Adult Collection   |e Cawangan Bandar Tenggara 
999 |a 0001155251   |b Book   |c Adult Collection   |e Cawangan Mersing 
999 |a 0001155253   |b Book   |c Adult Collection   |e Cawangan Tmn. Ungku Tun Aminah